000 00713cam a2200265 4500
008 090401t1996 xxu||||| |||| 00| 0 eng d
020 _a1872423930
035 _a(Sirsi) u76577
041 _aeng
050 _a306.1
100 _aFreeman, A.J.M.
245 _aIs the UK different? International comparisons of tenure patterns.
260 _aLondon
_bCouncil of Mortgage Lenders
_c1996
300 _aviii,138p. ; 30cm.
350 _a23
650 _aHOUSING TENURE
650 _aOWNER-OCCUPIERS
650 _aTENURE PATTERNS
690 _aHOUSING
700 _aHolmans, A.E.
700 _aWhitehead, C.M.E.
710 _aCouncil of Mortgage Lenders
_95903
942 _n0
948 _c04/03/1997
999 _c96208
_d96208